[Event "AUT-ch Blitz"]
[Site "Graz"]
[Date "2023.06.09"]
[Round "7"]
[White "Koelber, Daniel"]
[Black "Schwabeneder, Florian"]
[Result "1/2-1/2"]
[WhiteElo "2187"]
[BlackElo "2389"]
[PlyCount "88"]
[EventDate "2023.06.09"]
[EventType "swiss (blitz)"]
[EventRounds "11"]
[EventCountry "AUT"]
[SourceTitle "CBM 214 Extra"]
[Source "ChessBase"]
[SourceDate "2023.07.31"]
[SourceVersion "1"]
[SourceVersionDate "2023.07.31"]
[SourceQuality "1"]

1. e4 c5 2. Nf3 d6 3. d4 cxd4 4. Qxd4 Nf6 5. Nc3 Nc6 6. Bb5 Bd7 7. Bxc6 bxc6 8. 0-0 e5 9. Qd3 h6 10. Rd1 Be7 11. Nd2 0-0 12. Nc4 Be6 13. Nxd6 Qc7 14. Nf5 Rfd8 15. Qg3 Rxd1+ 16. Nxd1 Bxf5 17. exf5 Kh7 18. Be3 Nd5 19. c4 Nxe3 20. Nxe3 Bc5 21. Rd1 Qe7 22. Qf3 e4 23. f6 exf3 24. fxe7 Bxe7 25. Rd7 Bf6 26. b3 fxg2 27. Rxf7 a5 28. Rc7 Rd8 29. Rxc6 Rd2 30. a4 Bh4 31. Kxg2 Rxf2+ 32. Kh3 Bg5 33. Nd5 Rf3+ 34. Kg2 Rxb3 35. Ra6 Bd2 36. c5 Rb2 37. Kf3 Rc2 38. c6 Bb4 39. Ke3 Kg8 40. Kd3 Rc1 41. Nxb4 axb4 42. Kd4 b3 43. Rb6 b2 44. Rxb2 Rxc6 1/2-1/2

[Event "St Veit op 41st"]
[Site "St Veit"]
[Date "2022.07.14"]
[Round "7"]
[White "Riemelmoser, Franz"]
[Black "Koelber, Daniel"]
[Result "1/2-1/2"]
[WhiteElo "2237"]
[BlackElo "2176"]
[PlyCount "26"]
[EventDate "2022.07.09"]
[EventType "swiss"]
[EventRounds "9"]
[EventCountry "AUT"]
[SourceTitle "CBM 209 Extra"]
[Source "ChessBase"]
[SourceDate "2022.09.30"]
[SourceVersion "1"]
[SourceVersionDate "2022.09.30"]
[SourceQuality "1"]

1. c4 g6 2. Nc3 c5 3. g3 Bg7 4. Bg2 Nc6 5. Nf3 e6 6. 0-0 Nge7 7. d3 d5 8. Bd2 0-0 9. a3 b6 10. Rb1 Bb7 11. b4 cxb4 12. axb4 dxc4 13. dxc4 a5 1/2-1/2

[Event "St Veit op 41st"]
[Site "St Veit"]
[Date "2022.07.13"]
[Round "6"]
[White "Koelber, Daniel"]
[Black "Windhager, Hannes"]
[Result "1/2-1/2"]
[WhiteElo "2176"]
[BlackElo "2244"]
[PlyCount "34"]
[EventDate "2022.07.09"]
[EventType "swiss"]
[EventRounds "9"]
[EventCountry "AUT"]
[SourceTitle "CBM 209 Extra"]
[Source "ChessBase"]
[SourceDate "2022.09.30"]
[SourceVersion "1"]
[SourceVersionDate "2022.09.30"]
[SourceQuality "1"]

1. e4 e5 2. Nf3 Nc6 3. Bb5 a6 4. Bxc6 dxc6 5. 0-0 Bd6 6. d4 exd4 7. Qxd4 f6 8. Be3 Ne7 9. Nbd2 Be6 10. Qc3 Qd7 11. Nc4 Bxc4 12. Qxc4 Ng6 13. Nd4 Ne5 14. Qb3 0-0-0 15. f3 Rhe8 16. Rad1 g6 17. Bf2 Bc5 1/2-1/2

[Event "St Veit op 41st"]
[Site "St Veit"]
[Date "2022.07.10"]
[Round "2"]
[White "Koelber, Daniel"]
[Black "Tumanyan, Gor"]
[Result "1/2-1/2"]
[WhiteElo "2176"]
[BlackElo "1884"]
[PlyCount "69"]
[EventDate "2022.07.09"]
[EventType "swiss"]
[EventRounds "9"]
[EventCountry "AUT"]
[SourceTitle "CBM 209 Extra"]
[Source "ChessBase"]
[SourceDate "2022.09.30"]
[SourceVersion "1"]
[SourceVersionDate "2022.09.30"]
[SourceQuality "1"]

1. e4 c5 2. Nf3 g6 3. d4 cxd4 4. Nxd4 Bg7 5. c4 Nc6 6. Be3 Nf6 7. Nc3 0-0 8. Be2 d6 9. 0-0 Nxd4 10. Bxd4 Bd7 11. f3 Bc6 12. b4 b6 13. Qd2 a5 14. a3 Qc7 15. Nd5 Bxd5 16. cxd5 axb4 17. Rac1 Qa7 18. axb4 Qa2 19. Rc2 Qa4 20. Rfc1 b5 21. Rc7 Qb3 22. Ba7 Qa4 23. Bf2 Qb3 24. Bd1 Ra2 25. Bxb3 Rxd2 26. Bd1 Rb2 27. Be1 Bh6 28. Ra1 Bd2 29. Bxd2 Rxd2 30. Rxe7 Rc8 31. Rea7 Rc4 32. Kf1 Rxb4 33. R7a2 Rbb2 34. Rxb2 Rxb2 35. Ra7 1/2-1/2

[Event "St Veit op 41st"]
[Site "St Veit"]
[Date "2022.07.09"]
[Round "1"]
[White "Vlasak, Reinhard"]
[Black "Koelber, Daniel"]
[Result "0-1"]
[WhiteElo "1915"]
[BlackElo "2176"]
[PlyCount "52"]
[EventDate "2022.07.09"]
[EventType "swiss"]
[EventRounds "9"]
[EventCountry "AUT"]
[SourceTitle "CBM 209 Extra"]
[Source "ChessBase"]
[SourceDate "2022.09.30"]
[SourceVersion "1"]
[SourceVersionDate "2022.09.30"]
[SourceQuality "1"]

1. e4 c5 2. Nf3 d6 3. d4 cxd4 4. Nxd4 Nf6 5. Nc3 a6 6. Bg5 Nbd7 7. f4 Qa5 8. Qf3 h6 9. Bh4 e5 10. Nb3 Qc7 11. 0-0-0 exf4 12. Bxf6 Nxf6 13. Nd5 Nxd5 14. exd5 Be7 15. Kb1 Bf5 16. Bd3 Bxd3 17. Rxd3 0-0 18. Qxf4 Bf6 19. Nd4 Rac8 20. c3 Qb6 21. Nf5 Rxc3 22. Nxh6+ Kh8 23. Ng4 Rxd3 24. Nxf6 Qd4 25. Ne4 Re8 26. Re1 Rd1+ 0-1

[Event "Graz"]
[Site "Graz"]
[Date "2022.05.28"]
[Round "8"]
[White "Koelber, Daniel"]
[Black "Schernthaner, David"]
[Result "1/2-1/2"]
[WhiteElo "2149"]
[BlackElo "2279"]
[PlyCount "62"]
[EventDate "2022.05.20"]
[EventType "tourn"]
[EventRounds "9"]
[EventCountry "AUT"]
[EventCategory "1"]
[SourceTitle "CBM 208 Extra"]
[Source "ChessBase"]
[SourceDate "2022.07.31"]
[SourceVersion "1"]
[SourceVersionDate "2022.07.31"]
[SourceQuality "1"]

1. e4 e6 2. d4 d5 3. Nd2 Be7 4. Ngf3 Nf6 5. e5 Nfd7 6. c4 dxc4 7. Bxc4 c5 8. Ne4 cxd4 9. Qxd4 Nc6 10. Nd6+ Bxd6 11. Qxd6 Ndxe5 12. Qxd8+ Kxd8 13. Be2 Nxf3+ 14. Bxf3 Bd7 15. Be3 Ke7 16. 0-0 b6 17. a4 Rac8 18. Bxc6 Bxc6 19. a5 Bb5 20. Rfc1 bxa5 21. Bxa7 a4 22. Be3 e5 23. Rxc8 Rxc8 24. Rc1 Rxc1+ 25. Bxc1 Ke6 26. f4 Kd5 27. Be3 Kc4 28. fxe5 Kb3 29. Bd4 Kc4 30. Bb6 Kd5 31. Bc7 g6 1/2-1/2

[Event "Vienna Silvester op-A"]
[Site "Vienna"]
[Date "2022.01.01"]
[Round "6"]
[White "Koelber, Daniel"]
[Black "Rumpf, Werner"]
[Result "1/2-1/2"]
[WhiteElo "2170"]
[BlackElo "1858"]
[PlyCount "42"]
[EventDate "2021.12.27"]
[EventType "swiss"]
[EventRounds "7"]
[EventCountry "AUT"]
[SourceTitle "EXT 2023"]
[Source "ChessBase"]
[SourceDate "2022.10.05"]
[SourceVersion "1"]
[SourceVersionDate "2022.10.05"]
[SourceQuality "1"]

1. e4 e5 2. Nf3 Nc6 3. Bb5 a6 4. Ba4 Nf6 5. 0-0 Be7 6. Re1 b5 7. Bb3 d6 8. c3 0-0 9. h3 Na5 10. Bc2 d5 11. exd5 e4 12. Bxe4 Nxe4 13. Rxe4 Bb7 14. d4 Re8 15. Bf4 Nc4 16. b3 Nb6 17. Re1 Nxd5 18. Bg3 c5 19. Qd3 cxd4 20. Nxd4 Rc8 21. Nf5 Bf8 1/2-1/2

[Event "Vienna Silvester op-A"]
[Site "Vienna"]
[Date "2021.12.30"]
[Round "4"]
[White "Stanivukovic, Drago"]
[Black "Koelber, Daniel"]
[Result "0-1"]
[WhiteElo "1905"]
[BlackElo "2170"]
[PlyCount "124"]
[EventDate "2021.12.27"]
[EventType "swiss"]
[EventRounds "7"]
[EventCountry "AUT"]
[SourceTitle "EXT 2023"]
[Source "ChessBase"]
[SourceDate "2022.10.05"]
[SourceVersion "1"]
[SourceVersionDate "2022.10.05"]
[SourceQuality "1"]

1. d4 Nf6 2. c4 c5 3. d5 e6 4. Nc3 exd5 5. cxd5 d6 6. e4 g6 7. f3 Bg7 8. Be3 0-0 9. Qd2 Re8 10. h4 h5 11. Nh3 Bxh3 12. Rxh3 Nbd7 13. Bg5 a6 14. a4 Ne5 15. Be2 Qa5 16. Ra3 c4 17. Nd1 Qc7 18. a5 Nfd7 19. Be3 Rac8 20. Qb4 Kh7 21. Nf2 Nc5 22. f4 Ng4 23. Nxg4 Nd3+ 24. Bxd3 hxg4 25. Rh1 cxd3 26. Rxd3 Qc2 27. Qd2 Rxe4 28. Kf2 Bxb2 29. h5 f5 30. hxg6+ Kxg6 31. Qxc2 Rxc2+ 32. Kg3 Rc3 33. Rxc3 Bxc3 34. Bb6 Be1+ 35. Kh2 g3+ 36. Kh3 Re7 37. Bd8 Re8 38. Bh4 Re3 39. Bd8 Re8 40. Bh4 Bxa5 41. Rb1 Re1 42. Rxb7 Rh1+ 43. Kxg3 Be1+ 44. Kf3 Bxh4 45. Rd7 Rf1+ 46. Ke3 Re1+ 47. Kd2 Ra1 48. Rxd6+ Bf6 49. Kd3 Ra4 50. g3 Kf7 51. Rd7+ Ke8 52. Rd6 Ke7 53. Re6+ Kf7 54. Kc2 Ra3 55. Rc6 Rc3+ 56. Rxc3 Bxc3 57. Kxc3 Ke7 58. Kc4 Kd6 59. g4 fxg4 60. f5 g3 61. f6 g2 62. f7 Ke7 0-1

[Event "Vienna Silvester op-A"]
[Site "Vienna"]
[Date "2021.12.27"]
[Round "1"]
[White "Koelber, Daniel"]
[Black "Karelina, Polina"]
[Result "1-0"]
[WhiteElo "2170"]
[BlackElo "1804"]
[PlyCount "112"]
[EventDate "2021.12.27"]
[EventType "swiss"]
[EventRounds "7"]
[EventCountry "AUT"]
[SourceTitle "EXT 2023"]
[Source "ChessBase"]
[SourceDate "2022.10.05"]
[SourceVersion "1"]
[SourceVersionDate "2022.10.05"]
[SourceQuality "1"]

1. e4 d6 2. d4 Nf6 3. Nc3 c6 4. f4 Qa5 5. Bd3 e5 6. Nf3 exd4 7. Nxd4 g6 8. Nb3 Qb6 9. Qf3 Bg4 10. Qg3 h5 11. Be3 Qc7 12. h3 h4 13. Qf2 Bd7 14. Bd4 Bg7 15. e5 Nh5 16. Qxh4 dxe5 17. fxe5 0-0 18. 0-0 Bxe5 19. Bxe5 Qxe5 20. Ne4 Bf5 21. Rxf5 Qxf5 22. g4 Qf3 23. gxh5 Qe3+ 24. Kh2 Nd7 25. Nf6+ Nxf6 26. Qxf6 Rae8 27. hxg6 Re6 28. Qd4 fxg6 29. Qxe3 Rxe3 30. Rf1 Rxf1 31. Bxf1 Kg7 32. Kg2 Re1 33. Na5 Ra1 34. Bc4 b5 35. Bb3 c5 36. c4 a6 37. Nb7 Rb1 38. cxb5 Rxb2+ 39. Kg3 c4 40. Bxc4 axb5 41. Bb3 Rd2 42. Nc5 Kh6 43. Kf4 Rd4+ 44. Ke5 Rd2 45. Ne4 Rd3 46. Be6 Kh5 47. Nd6 b4 48. Nc8 Kh4 49. Ne7 g5 50. Nc6 Re3+ 51. Kd6 Re4 52. Ne5 Kg3 53. Kd5 Re2 54. Kd6 Rd2+ 55. Kc5 Re2 56. Kd4 Re1 1-0

[Event "Steyr Landesliga 1920"]
[Site "Austria"]
[Date "2020.03.07"]
[Round "9.3"]
[White "Mitter, Gerd"]
[Black "Koelber, Daniel"]
[Result "1/2-1/2"]
[WhiteElo "2171"]
[BlackElo "2141"]
[PlyCount "22"]
[EventDate "2019.09.28"]
[EventType "team-tourn"]
[EventRounds "11"]
[EventCountry "AUT"]
[SourceTitle "CBM 195 Extra"]
[Source "ChessBase"]
[SourceDate "2020.05.31"]
[SourceVersion "1"]
[SourceVersionDate "2020.05.31"]
[SourceQuality "1"]
[WhiteTeam "Trofaiach Niklasdorf"]
[BlackTeam "Leoben"]
[WhiteTeamCountry "AUT"]
[BlackTeamCountry "AUT"]

1. Nf3 c5 2. g3 Nc6 3. d4 cxd4 4. Nxd4 g6 5. Bg2 Bg7 6. Nxc6 bxc6 7. c4 Rb8 8. Qc2 Qa5+ 9. Nd2 Nf6 10. 0-0 0-0 11. b3 c5 1/2-1/2

[Event "Steyr Landesliga 1920"]
[Site "Austria"]
[Date "2019.11.23"]
[Round "5.2"]
[White "Koelber, Daniel"]
[Black "Perhinig, Robert"]
[Result "1-0"]
[WhiteElo "2141"]
[BlackElo "2289"]
[PlyCount "107"]
[EventDate "2019.09.28"]
[EventType "team-tourn"]
[EventRounds "11"]
[EventCountry "AUT"]
[SourceTitle "CBM 193 Extra"]
[Source "ChessBase"]
[SourceDate "2020.01.31"]
[SourceVersion "1"]
[SourceVersionDate "2020.01.31"]
[SourceQuality "1"]
[WhiteTeam "Leoben"]
[BlackTeam "Graz Schachgesellschaft"]
[WhiteTeamCountry "AUT"]
[BlackTeamCountry "AUT"]

1. e4 e6 2. d4 d5 3. Nd2 Nf6 4. e5 Nfd7 5. Bd3 c5 6. c3 Nc6 7. Ne2 cxd4 8. cxd4 f6 9. exf6 Nxf6 10. 0-0 Bd6 11. Nf3 0-0 12. Bf4 Bxf4 13. Nxf4 Ne4 14. Qc1 Qf6 15. Ne2 Bd7 16. Qe3 Nd6 17. Ng3 Qf4 18. Rac1 Rae8 19. Rfe1 Qxe3 20. fxe3 e5 21. e4 Nxd4 22. Nxd4 exd4 23. exd5 Bb5 24. Rxe8 Rxe8 25. Bxb5 Nxb5 26. a4 Nd6 27. Rd1 Re3 28. Rxd4 Rb3 29. Ne4 Nxe4 30. Rxe4 Rxb2 31. Re7 Kf8 32. Rc7 a5 33. d6 Rd2 34. Rxb7 Rxd6 35. Rb5 Ra6 36. g4 h6 37. Kf2 Kf7 38. h4 Kf6 39. Ke3 Re6+ 40. Kd4 g5 41. Rf5+ Kg6 42. h5+ Kg7 43. Rxa5 Re1 44. Ra7+ Kg8 45. a5 Rg1 46. Kc5 Rxg4 47. Rb7 Ra4 48. Kb5 Ra1 49. a6 g4 50. a7 g3 51. Rb8+ Kg7 52. a8Q Rxa8 53. Rxa8 Kf6 54. Rg8 1-0

[Event "Steyr Landesliga 1920"]
[Site "Austria"]
[Date "2019.09.28"]
[Round "1.2"]
[White "Koelber, Daniel"]
[Black "Benda, Herbert"]
[Result "0-1"]
[WhiteElo "2141"]
[BlackElo "2259"]
[PlyCount "72"]
[EventDate "2019.09.28"]
[EventType "team-tourn"]
[EventRounds "11"]
[EventCountry "AUT"]
[SourceTitle "CBM 193 Extra"]
[Source "ChessBase"]
[SourceDate "2020.01.31"]
[SourceVersion "1"]
[SourceVersionDate "2020.01.31"]
[SourceQuality "1"]
[WhiteTeam "Leoben"]
[BlackTeam "Gamlitz"]
[WhiteTeamCountry "AUT"]
[BlackTeamCountry "AUT"]

1. e4 c5 2. Nf3 d6 3. d4 cxd4 4. Nxd4 Nf6 5. Nc3 a6 6. Bg5 e6 7. f4 Nbd7 8. Qf3 Qc7 9. 0-0-0 Be7 10. g4 h6 11. Bxf6 Bxf6 12. h4 g5 13. hxg5 hxg5 14. Nf5 exf5 15. Nd5 Qd8 16. exf5 Rxh1 17. Re1+ Kf8 18. Qxh1 Nb6 19. Ne7 Kg7 20. Nd5 Nxd5 21. Qxd5 Bd7 22. Bc4 Be8 23. fxg5 Bxg5+ 24. Kb1 Rc8 25. Bb3 Rc7 26. Rf1 Qf6 27. Rd1 Re7 28. a4 Bc6 29. Qd3 Re3 30. Qc4 d5 31. Qc5 Qe5 32. Bxd5 Bf6 33. c3 Re1 34. Rxe1 Qxe1+ 35. Ka2 Qe5 36. g5 Bxd5+ 0-1

[Event "Feffernitz op 28th"]
[Site "Feffernitz"]
[Date "2019.08.24"]
[Round "8"]
[White "Koelber, Daniel"]
[Black "Hoffmann, Sebastian1"]
[Result "1/2-1/2"]
[WhiteElo "2125"]
[BlackElo "2199"]
[PlyCount "109"]
[EventDate "2019.08.18"]
[EventType "swiss"]
[EventRounds "9"]
[EventCountry "AUT"]
[SourceTitle "EXT 2020"]
[Source "ChessBase"]
[SourceDate "2019.10.17"]
[SourceVersion "1"]
[SourceVersionDate "2019.10.17"]
[SourceQuality "1"]

1. e4 c5 2. Nf3 g6 3. d4 cxd4 4. Nxd4 Bg7 5. c4 Nc6 6. Be3 Nf6 7. Nc3 Ng4 8. Qxg4 Nxd4 9. Qd1 e5 10. Be2 d6 11. 0-0 Be6 12. Qd2 0-0 13. Bxd4 exd4 14. Nb5 Qf6 15. Nxd6 Qe5 16. Nb5 a6 17. Na3 d3 18. Qxd3 Rfd8 19. Qf3 Qxb2 20. Rab1 Qxa2 21. Rxb7 Rd2 22. Re1 Rad8 23. g3 h5 24. Kg2 Rb2 25. Rxb2 Qxb2 26. c5 Bc3 27. Nc4 Bxc4 28. Bxc4 Bxe1 29. Qxf7+ Kh8 30. Qxg6 Qxf2+ 31. Kh3 Qf8 32. Qxh5+ Kg7 33. Qg4+ Kh7 34. Bf7 Qh6+ 35. Bh5 Kh8 36. c6 Qxc6 37. Qh4 Qd7+ 38. Kg2 Qd2+ 39. Kh1 Qd6 40. e5 Qxe5 41. Qxd8+ Kg7 42. Qd1 a5 43. Qg4+ Kf8 44. Qf3+ Ke7 45. Qb7+ Ke6 46. Qb6+ Ke7 47. Bf3 Bc3 48. Kg2 Bb4 49. Qb7+ Kf6 50. Qd7 Bd6 51. Qh7 Ke6 52. Qg8+ Kf6 53. h4 Qxg3+ 54. Qxg3 Bxg3 55. Kxg3 1/2-1/2

[Event "Feffernitz op 28th"]
[Site "Feffernitz"]
[Date "2019.08.22"]
[Round "6"]
[White "Koelber, Daniel"]
[Black "Pantovic, Dragan M"]
[Result "1/2-1/2"]
[WhiteElo "2125"]
[BlackElo "2030"]
[PlyCount "51"]
[EventDate "2019.08.18"]
[EventType "swiss"]
[EventRounds "9"]
[EventCountry "AUT"]
[SourceTitle "EXT 2020"]
[Source "ChessBase"]
[SourceDate "2019.10.17"]
[SourceVersion "1"]
[SourceVersionDate "2019.10.17"]
[SourceQuality "1"]

1. e4 e5 2. Nf3 Nc6 3. Bb5 a6 4. Bxc6 dxc6 5. 0-0 Bg4 6. h3 h5 7. d3 Qf6 8. Nbd2 g5 9. Nc4 Bxf3 10. Qxf3 Qxf3 11. gxf3 f6 12. h4 gxh4 13. f4 exf4 14. Bxf4 b5 15. Ne3 Bd6 16. Bxd6 cxd6 17. Nf5 Kd7 18. Kh2 Nh6 19. Nxh6 Rxh6 20. Rg1 Rh7 21. b4 Rf7 22. a4 f5 23. axb5 cxb5 24. f3 fxe4 25. fxe4 Rf3 26. Rgf1 1/2-1/2

[Event "Feffernitz op 28th"]
[Site "Feffernitz"]
[Date "2019.08.18"]
[Round "2"]
[White "Koelber, Daniel"]
[Black "Kainz, Josef"]
[Result "1-0"]
[WhiteElo "2125"]
[BlackElo "1905"]
[PlyCount "65"]
[EventDate "2019.08.18"]
[EventType "swiss"]
[EventRounds "9"]
[EventCountry "AUT"]
[SourceTitle "EXT 2020"]
[Source "ChessBase"]
[SourceDate "2019.10.17"]
[SourceVersion "1"]
[SourceVersionDate "2019.10.17"]
[SourceQuality "1"]

1. e4 c5 2. Nf3 Nc6 3. d4 cxd4 4. Nxd4 Nf6 5. Nc3 e5 6. Ndb5 d6 7. Bg5 a6 8. Na3 b5 9. Nd5 Be7 10. Bxf6 Bxf6 11. c4 b4 12. Nc2 a5 13. Qf3 Bg5 14. h4 Bh6 15. g4 Bf4 16. g5 h6 17. Nxf4 exf4 18. gxh6 Rxh6 19. Qxf4 Qf6 20. Qxf6 Rxf6 21. Be2 Ne5 22. Nd4 Bd7 23. f3 Ke7 24. Kd2 Rh8 25. h5 Kf8 26. a3 Rfh6 27. axb4 axb4 28. Ra7 Ke8 29. Rha1 Nc6 30. Nxc6 Bxc6 31. Rc7 d5 32. cxd5 Bd7 33. Raa7 1-0

[Event "Steyr Landesliga 1819"]
[Site "Austria"]
[Date "2019.01.12"]
[Round "6.5"]
[White "Koelber, Daniel"]
[Black "Riedner, Martin"]
[Result "1/2-1/2"]
[WhiteElo "2055"]
[BlackElo "2090"]
[PlyCount "46"]
[EventDate "2018.10.06"]
[EventType "team-tourn"]
[EventRounds "11"]
[EventCountry "AUT"]
[SourceTitle "CBM 189 Extra"]
[Source "ChessBase"]
[SourceDate "2019.05.31"]
[SourceVersion "1"]
[SourceVersionDate "2019.05.31"]
[SourceQuality "1"]
[WhiteTeam "Leoben"]
[BlackTeam "Gamlitz"]
[WhiteTeamCountry "AUT"]
[BlackTeamCountry "AUT"]

1. e4 e6 2. d4 d5 3. Nd2 b6 4. Ngf3 Nf6 5. exd5 exd5 6. c3 Bd6 7. Bd3 Qe7+ 8. Qe2 Qxe2+ 9. Bxe2 0-0 10. 0-0 Bg4 11. h3 Re8 12. Bb5 Bd7 13. Bd3 Nc6 14. Re1 Nh5 15. Nf1 Rxe1 16. Nxe1 Re8 17. Ne3 Nf4 18. Bf1 Re6 19. Nd3 Nxd3 20. Bxd3 Ne7 21. Bd2 g6 22. Re1 Bf4 23. Kf1 c6 1/2-1/2

[Event "Schilcherland op 2nd"]
[Site "Deutschlandsberg"]
[Date "2018.12.30"]
[Round "2"]
[White "Koelber, Daniel"]
[Black "Janzelj, Tim"]
[Result "0-1"]
[WhiteElo "2139"]
[BlackElo "2395"]
[PlyCount "96"]
[EventDate "2018.12.29"]
[EventType "swiss"]
[EventRounds "9"]
[EventCountry "AUT"]
[SourceTitle "CBM 188 Extra"]
[Source "ChessBase"]
[SourceDate "2019.02.28"]
[SourceVersion "1"]
[SourceVersionDate "2019.02.28"]
[SourceQuality "1"]

1. e4 e6 2. d4 d5 3. Nd2 Nf6 4. e5 Nfd7 5. Bd3 c5 6. c3 Nc6 7. Ne2 cxd4 8. cxd4 f6 9. exf6 Nxf6 10. 0-0 Bd6 11. Nf3 0-0 12. Bf4 Nh5 13. Bxd6 Qxd6 14. Qc2 h6 15. a3 Rxf3 16. gxf3 Nf4 17. Qd2 Nxe2+ 18. Bxe2 Bd7 19. Kh1 Rf8 20. Rg1 Qf4 21. Rad1 Be8 22. Qxf4 Rxf4 23. Rg4 Rf5 24. Rd3 Bh5 25. Rg1 Rf4 26. Rgd1 Bg6 27. R3d2 Na5 28. Bd3 Bh5 29. Be2 Bg6 30. Bd3 Be8 31. Kg2 Nb3 32. Rc2 Bc6 33. Rcd2 Nxd2 34. Rxd2 Kf8 35. Bf1 Ke7 36. Kg3 g5 37. Bh3 h5 38. Re2 Bd7 39. Rd2 Bb5 40. Rd1 Be2 41. Re1 h4+ 42. Kg2 Bxf3+ 43. Kf1 g4 44. Bg2 Rxd4 45. h3 Bxg2+ 46. Kxg2 gxh3+ 47. Kf3 Rd2 48. Rb1 Kf6 0-1

[Event "Schilcherland op 2nd"]
[Site "Deutschlandsberg"]
[Date "2018.12.29"]
[Round "1"]
[White "Stanec, Nikolaus"]
[Black "Koelber, Daniel"]
[Result "1/2-1/2"]
[WhiteElo "2472"]
[BlackElo "2139"]
[PlyCount "51"]
[EventDate "2018.12.29"]
[EventType "swiss"]
[EventRounds "9"]
[EventCountry "AUT"]
[SourceTitle "CBM 188 Extra"]
[Source "ChessBase"]
[SourceDate "2019.02.28"]
[SourceVersion "1"]
[SourceVersionDate "2019.02.28"]
[SourceQuality "1"]

1. c4 c5 2. g3 g6 3. Bg2 Bg7 4. e3 Nc6 5. Ne2 e6 6. d4 cxd4 7. exd4 d5 8. cxd5 exd5 9. Nbc3 Nge7 10. Bg5 Be6 11. 0-0 0-0 12. Nf4 h6 13. Bxe7 Qxe7 14. Re1 Nxd4 15. Bxd5 Rad8 16. Qa4 Qd7 17. Qxd7 Rxd7 18. Bxe6 Nxe6 19. Nxe6 fxe6 20. Re2 Bxc3 21. bxc3 Kf7 22. Rae1 Rc8 23. Rxe6 Rxc3 24. R6e4 Rc2 25. a4 Rcd2 26. Rf4+ 1/2-1/2

[Event "Steyr Landesliga 1819"]
[Site "Austria"]
[Date "2018.11.17"]
[Round "5.5"]
[White "Matosec, Thomas"]
[Black "Koelber, Daniel"]
[Result "0-1"]
[WhiteElo "2165"]
[BlackElo "2055"]
[PlyCount "63"]
[EventDate "2018.10.06"]
[EventType "team-tourn"]
[EventRounds "11"]
[EventCountry "AUT"]
[SourceTitle "CBM 189 Extra"]
[Source "ChessBase"]
[SourceDate "2019.05.31"]
[SourceVersion "1"]
[SourceVersionDate "2019.05.31"]
[SourceQuality "1"]
[WhiteTeam "Graz Styria"]
[BlackTeam "Leoben"]
[WhiteTeamCountry "AUT"]
[BlackTeamCountry "AUT"]

1. e4 c5 2. Nf3 d6 3. d4 cxd4 4. Nxd4 Nf6 5. Nc3 a6 6. Bg5 Nbd7 7. Bc4 e6 8. Qd2 b5 9. Bb3 b4 10. Na4 Nxe4 11. Bxd8 Nxd2 12. Bxe6 fxe6 13. Nxe6 Nc4 14. b3 Na3 15. 0-0-0 Bb7 16. Ba5 Rc8 17. Rd2 Nb5 18. Re1 Be7 19. Rde2 Kf7 20. f4 Bf6 21. Bxb4 Rhe8 22. c4 Bxg2 23. Kd2 Na7 24. Bxd6 Bf3 25. Re3 Bg4 26. Nc7 Rxe3 27. Rxe3 Bf5 28. c5 Nc6 29. Nb6 Nxb6 30. cxb6 Rd8 31. Ne8 Bc8 32. Rc3 0-1

[Event "Steyr Landesliga 1819"]
[Site "Austria"]
[Date "2018.11.10"]
[Round "4.5"]
[White "Koelber, Daniel"]
[Black "Weiss, Leo"]
[Result "1-0"]
[WhiteElo "2055"]
[BlackElo "2073"]
[PlyCount "115"]
[EventDate "2018.10.06"]
[EventType "team-tourn"]
[EventRounds "11"]
[EventCountry "AUT"]
[SourceTitle "CBM 187 Extra"]
[Source "ChessBase"]
[SourceDate "2018.11.04"]
[SourceVersion "1"]
[SourceVersionDate "2018.11.04"]
[SourceQuality "1"]
[WhiteTeam "Leoben"]
[BlackTeam "Leibnitz"]
[WhiteTeamCountry "AUT"]
[BlackTeamCountry "AUT"]

1. e4 c6 2. d4 d5 3. e5 Bf5 4. Nf3 e6 5. Be2 c5 6. Be3 Qb6 7. Nc3 c4 8. 0-0 Nc6 9. b3 Qa5 10. Na4 Nge7 11. Nc5 Ng6 12. Nxb7 Qc7 13. Nd6+ Bxd6 14. exd6 Qxd6 15. bxc4 dxc4 16. Bxc4 0-0 17. c3 Rac8 18. Rc1 Rfd8 19. Qe2 Bg4 20. Bd3 Nh4 21. Bxh7+ Kh8 22. Bc2 Qd5 23. Qd3 Nxf3+ 24. gxf3 Bf5 25. Qe2 Bh3 26. Rfe1 Qh5 27. Kh1 e5 28. Rcd1 exd4 29. Bxd4 f6 30. Bb1 Re8 31. Qd3 Rcd8 32. Qg6 Qxf3+ 33. Kg1 Qg4+ 34. Kh1 Bg2+ 35. Kg1 Bf3+ 36. Qxg4 Bxg4 37. Bg6 Re5 38. Bxe5 Rxd1 39. Rxd1 Bxd1 40. Bd6 Bf3 41. Kf1 Na5 42. Bc5 a6 43. Ke1 Bd5 44. a3 Bf3 45. Bd3 Bb7 46. f4 g5 47. fxg5 fxg5 48. Be7 g4 49. Bf5 Bf3 50. Bc8 Nb7 51. Kd2 Kg7 52. Be6 Na5 53. Ke3 Nc6 54. Bh4 Ne5 55. c4 Kg6 56. Kd4 Nc6+ 57. Kc5 Kh5 58. Bg3 1-0

[Event "Steyr Landesliga 1819"]
[Site "Austria"]
[Date "2018.10.06"]
[Round "1.5"]
[White "Koelber, Daniel"]
[Black "Eibinger, Manuel"]
[Result "1-0"]
[WhiteElo "2055"]
[BlackElo "2000"]
[PlyCount "135"]
[EventDate "2018.10.06"]
[EventType "team-tourn"]
[EventRounds "11"]
[EventCountry "AUT"]
[SourceTitle "CBM 187 Extra"]
[Source "ChessBase"]
[SourceDate "2018.11.04"]
[SourceVersion "1"]
[SourceVersionDate "2018.11.04"]
[SourceQuality "1"]
[WhiteTeam "Leoben"]
[BlackTeam "Fuerstenfeld/Hartberg"]
[WhiteTeamCountry "AUT"]
[BlackTeamCountry "AUT"]

1. e4 c5 2. Nf3 e6 3. d4 cxd4 4. Nxd4 Nc6 5. Nc3 Qc7 6. Be3 Nf6 7. Bd3 Bb4 8. 0-0 Bxc3 9. Nb5 Qb8 10. Nxc3 0-0 11. Bc5 Rd8 12. e5 Qxe5 13. Bd6 Qh5 14. Ne4 Qxd1 15. Nxf6+ gxf6 16. Raxd1 Re8 17. f4 f5 18. Rf3 f6 19. Re1 Ne7 20. Rg3+ Kf7 21. Rh3 Rh8 22. Bxe7 Kxe7 23. Bxf5 h6 24. Be4 Kf7 25. Rc3 f5 26. Bf3 Rb8 27. Rd1 Ke7 28. Kf2 Rg8 29. g3 a6 30. h3 b5 31. Rc7 Kf6 32. Rd3 d5 33. Rdc3 Kg6 34. R3c6 Rd8 35. Bxd5 Rxd5 36. Rxc8 Rxc8 37. Rxc8 Rd6 38. Ke2 Kg7 39. Rc7+ Kg6 40. Rc8 Kg7 41. c4 bxc4 42. Rxc4 Kf6 43. Rc5 Kf7 44. b3 Kg6 45. Rc3 Kf6 46. Rc8 Kg7 47. Rc7+ Kg6 48. Rc5 Kf6 49. Rc3 Kg6 50. Rd3 Rc6 51. Kd2 Kf6 52. a3 e5 53. fxe5+ Kxe5 54. Re3+ Kd4 55. Rf3 Ke4 56. Rf4+ Ke5 57. b4 Rg6 58. Rf3 Ke4 59. Ke2 Rc6 60. Re3+ Kd4 61. Kf3 Rc3 62. Rxc3 Kxc3 63. Kf4 Kb3 64. Kxf5 Kxa3 65. g4 Kxb4 66. h4 a5 67. g5 hxg5 68. h5 1-0